000 00640nam a2200253 a 4500
001 nice12345678
003 IN_TiNIC
005 20260116011455.0
008 050524s1933 newa grp 000 0 eng
020 _a
_c0
082 0 0 _a809
_bSHA
100 _aShah Sirdar, Ikbal Ali
245 _aOriental Caravan
_b Revelation of the Soul and Mind of Asia
260 _aNew York
_bClaude Kendall
_c1933
300 _a331p
500 _aincludes index and biblioraphy
505 2 _aindex
650 _aEnglish-Literature
650 _aReligion
700 1 _aShah Sirdar, Ikbal Ali
902 _bSRS
942 _cBK
999 _c1851
_d1851